000 00479nab a2200145Ia 4500
003 ES-SlBCS
005 20210601132849.0
008 140529s1959 xxu||||| |||| 00| 0 ita d
041 _aita
100 1 _aDegan, Giovanni del
_963155
245 0 0 _aAncora a proposito dell'origine dell'anima intellettiva secondo A. Rosmini
_c Giovanni del Degan
600 1 4 _aRosmini-Alma
_9199620
773 0 _tGiornali di Metafisica
_gvol. 14, nº. 1, 1959, págs. 96-108
_w0017-0372
942 _cAR
999 _c586840
_d586840